| Поле | Название | Значение |
| |
Тип записи |
a |
| |
Библиографический уровень |
m |
| 001 |
Контрольный номер |
3fa3314e98e340d78d75c8215ad9ac3e |
| 005 |
Дата корректировки |
20201206205202.2 |
| 010 |
Индекс ISBN |
__ |
| a |
ISBN |
978-5-4484-0725-3 (в пер.) |
| d |
Цена |
400-00, 2000 экз. |
| 100 |
Данные общей обработки |
__ |
| a |
Данные общей обработки |
19190429d2018||||||| 0rusy0189 ca |
| 101 |
Язык документа |
0_ |
| a |
Язык текста |
rus |
| 102 |
Страна публикации |
__ |
| a |
Страна публикации |
ru| |
| 102 |
Страна публикации |
__ |
| a |
Страна публикации |
RU |
| 105 |
Кодированные данные (монография) |
__ |
| a |
Кодированные данные (монография) |
||||||||000zy |
| 200 |
Заглавие и сведения об ответственности |
1_ |
| a |
Заглавие |
Тайна озера Кучум |
| e |
Сведения, относящиеся к заглавию |
[роман] |
| f |
Первые сведения об ответственности |
Владимир Топилин |
| b |
Общее обозначение материала |
Текст |
| 210 |
Выходные данные |
__ |
| a |
Место издания |
Москва |
| c |
Издательство |
Вече |
| d |
Дата издания |
2018 |
| 215 |
Физическое описание |
__ |
| a |
Объем |
445, [2] с. |
| d |
Формат |
22 см |
| 225 |
Серия |
__ |
| a |
Серия |
Сибириада. Собрание сочинений |
| 330 |
Аннотация |
__ |
| a |
Аннотация |
На пороге ХХ века Восточную Сибирь захлестнула эпидемия "золотой лихорадки". Вчерашние спокойные, добродушные таежники, промысловики, охотники на глазах своих близких превращались в алчных и беспощадных стяжателей либо в забитых и запуганных полурабов. Шестнадцать лет минуло с той поры, как Загбой и его семья оказались на затерянном в тайге прииске не по своему желанию, но обманом завлеченные туда хитрым и жестоким хозяином. Но однажды Ченка, дочь старого тунгуса, нашла в лесу полуживого геолога, выходила его, и жизнь их постепенно стала налаживаться. Вот уже и своя дочка подросла, превратилась в славную охотницу, а мрачные загадки прошлого не отпускают. |
| 333 |
Примечание о целевом назначении |
__ |
| a |
Примечание о целевом назначении |
12+. Для детей старше 12 лет |
| 606 |
Тематические рубрики |
__ |
| a |
Основная рубрика |
Художественная литература |
| 606 |
Тематические рубрики |
__ |
| a |
Основная рубрика |
Современная русская литература (произведения) |
| y |
Географическая подрубрика |
Сибирь |
| 610 |
Ключевые слова |
__ |
| a |
Ключевые слова |
исторические романы |
| 610 |
Ключевые слова |
__ |
| a |
Ключевые слова |
романы |
| 610 |
Ключевые слова |
__ |
| a |
Ключевые слова |
тема геологов |
| 610 |
Ключевые слова |
__ |
| a |
Ключевые слова |
тема золота |
| 610 |
Ключевые слова |
__ |
| a |
Ключевые слова |
тема золотопромышленников |
| 610 |
Ключевые слова |
__ |
| a |
Ключевые слова |
тема переселенцев |
| 610 |
Ключевые слова |
__ |
| a |
Ключевые слова |
тема семьи |
| 610 |
Ключевые слова |
__ |
| a |
Ключевые слова |
тема спасения |
| 610 |
Ключевые слова |
__ |
| a |
Ключевые слова |
тема таежных народов |
| 610 |
Ключевые слова |
__ |
| a |
Ключевые слова |
тема тайги |
| 610 |
Ключевые слова |
__ |
| a |
Ключевые слова |
тема экспедиций |
| 686 |
Индексы других классификаций |
__ |
| 2 |
Код системы |
rubbks |
| a |
Классификационный индекс |
84(2=411.2)6-4; ст84(2=411.2)6-4 |
| 700 |
Автор |
_1 |
| a |
Фамилия |
Топилин |
| b |
Имя |
В. С. |
| f |
Даты |
1967- |
| g |
Полное личное имя |
Владимир Степанович |
| 4 |
Код отношения |
070 |
| 801 |
Источник записи |
_0 |
| a |
Страна |
ru |
| b |
Организация |
Муниципальное бюджетное учреждение культуры "Централизованная библиотечная система" г. Сургут (Центральная городская библиотека им. А. С. Пушкина) |
| c |
Дата составления |
20190429 |
| g |
Правила каталогизации |
PSBO |
| 801 |
Источник записи |
_1 |
| a |
Страна |
ru |
| b |
Организация |
Муниципальное бюджетное учреждение культуры "Централизованная библиотечная система" г. Сургут (Центральная городская библиотека им. А. С. Пушкина) |
| c |
Дата составления |
20190429 |
| g |
Правила каталогизации |
PSBO |
| 852 |
Данные о местонахождении |
__ |
| j |
Шифр хранения |
84(2=411.2)6-4 |
| i |
Авторский знак |
Т 58 |
| 901 |
Тип документа |
__ |
| t |
Тип документа |
m |
| a |
Ответственный |
КиК/Мамарузиева |
| 903 |
Характеристики (МАРС) |
__ |
| a |
Дата передачи |
20190429 |
| 990 |
Данные о заказе (DOS) |
__ |
| j |
Количество экземпляров (DOS) |
2 |
| t |
N записи в КСУ для И/У (DOS) |
201905 |